Handbook of psychodynamic and approaches to psychopathology (Record no. 1434674)

MARC details
000 -LEADER
fixed length control field 00893nam a22002657a 4500
005 - DATE AND TIME OF LATEST TRANSACTION
control field 20250811143606.0
008 - FIXED-LENGTH DATA ELEMENTS--GENERAL INFORMATION
fixed length control field 250811b |||||||| |||| 00| 0 eng d
020 ## - INTERNATIONAL STANDARD BOOK NUMBER
International Standard Book Number 978-1-4625-2202-6(hbk)
037 ## - SOURCE OF ACQUISITION
Terms of availability TB
040 ## - CATALOGING SOURCE
Original cataloging agency CRL
Transcribing agency CRL
041 ## - LANGUAGE CODE
Source of code eng
Language code of text/sound track or separate title eng
084 ## - COLON CLASSIFICATION NUMBER
Classification number S:86 Q5
Assigning agency CRL
245 ## - TITLE STATEMENT
Title Handbook of psychodynamic and approaches to psychopathology
260 ## - PUBLICATION, DISTRIBUTION, ETC.
Place of publication, distribution, etc. New York, USA:
Name of publisher, distributor, etc. The Guilford,
Date of publication, distribution, etc. 2015.
300 ## - PHYSICAL DESCRIPTION
Extent xiii,578p.
365 ## - TRADE PRICE
Price type code 85.00
650 ## - SUBJECT ADDED ENTRY--TOPICAL TERM
Source of heading or term PSYCHOTHERAPY
700 ## - ADDED ENTRY--PERSONAL NAME
Personal name Luyten, Patrick
Relator term Editor
9 (RLIN) 817724
700 ## - ADDED ENTRY--PERSONAL NAME
Personal name Mayes, Linda C.
9 (RLIN) 817725
700 ## - ADDED ENTRY--PERSONAL NAME
Personal name Fonagy, Peter
Relator term Editor
9 (RLIN) 817726
700 ## - ADDED ENTRY--PERSONAL NAME
Personal name Target, Mary
Relator term Editor
9 (RLIN) 817727
700 ## - ADDED ENTRY--PERSONAL NAME
Personal name Blatt, Sidney J.
Relator term Editor
9 (RLIN) 817728
942 ## - ADDED ENTRY ELEMENTS (KOHA)
Source of classification or shelving scheme Colon Classification (CC)
Koha item type Textbook
Classification part S:86 Q5
Suppress in OPAC No
Holdings
Withdrawn status Lost status Source of classification or shelving scheme Damaged status Not for loan Home library Current library Date acquired Source of acquisition Cost, normal purchase price Inventory number Total Checkouts Full call number Barcode Date last seen Price effective from Koha item type
    Colon Classification (CC)     Central Library Central Library 2025-08-11 Selectbook Service Syndicate 85.00 IN/2016-17/1036 & 10/03/2017   S:86 Q5 CL1640570 2025-08-11 2025-08-11 Textbook
Copyright @ Delhi University Library System